| 000 | 00517nam a2200169Ia 4500 | ||
|---|---|---|---|
| 008 | 090201s9999 xx 000 0 und d | ||
| 010 | _aKPL-54336 | ||
| 040 | _bमराठी | ||
| 041 | _aमराठी | ||
| 082 |
_a10803 _b54336 |
||
| 100 | _aपद्माकर जोशी | ||
| 245 |
_aकामिनी _cपद्माकर जोशी |
||
| 260 |
_c2004 _bश्रीविद्या प्रकाशन |
||
| 300 |
_a90 _bमोठा |
||
| 600 | _aकामिनी | ||
| 942 | _cBOOK | ||
| 999 |
_c211229 _d211229 |
||